| 000 | 00554nam a22001457a 4500 | ||
|---|---|---|---|
| 003 | OSt | ||
| 005 | 20160310094600.0 | ||
| 008 | 160310b xxu||||| |||| 00| 0 eng d | ||
| 040 | _cRUA | ||
| 082 | _aLMA LY 2014 B467 Or.1 | ||
| 100 |
_97872 _aLY PHANIT; លី ផានិត |
||
| 245 | _aProperty tax collection procedure in phnom penh, នីតិវិធីនៃការប្រមូលពន្ធទៅលើអចលនវត្ថុុនៅរាជធានីភ្នំពេញ | ||
| 300 |
_aviii,37p. _bill. _c29cm. |
||
| 942 |
_2ddc _cLMA |
||
| 999 |
_c7466 _d7466 |
||